1764 1421 1819 1199 1650 1973 1422 1389 1768 1886 1261 1686 1718 1159 1860 1630 1350 1985 1085 1844 1144 1714 1124 1687 1762 1073 1428 1212 1099 1797 1100 1582 1476 1620 1750 1298 1279 1460 1114 1297 1719 1900 1129 1294 1483 1187 1516 1033 1336 1555 1116 1980 1864 1800 1587 1855 1467 1453 1866 1825 1838 1932 1783 1347 1618 1204 1754 1130 1624 1596 1027 1516 1204 1091 1717 1417 1929 1910 1314 1830 1158 1667 1218 1530 1729 1051 1576 1251 1537 1849 1258 1810 1615 1899 1977 1861 1763 1046 1325 BCNSPRNW ULIB Ver.6.0+V

เปลี่ยนเป็นภาษาไทย

Change to English
 แสดงรายละเอียดบรรณานุกรม
  กลับหน้าหลัก

Brief Record : Get Marc (ISO 2709) : E-mail record : QR code < ปิดหน้าต่าง
LEADER : 00000nam 2200000uu 4500
001    13399107713
003     ULIB
008    110124s2553||||th 000 0 tha d
020    9789741112661
060 04 WI140^bC641 2553
245 00 Clinical practice in gastroenterology /^cบรรณาธิการ, สถาพรมานัสสถิตย์, สุพจน์ พงศ์ประสบชัย, อุดม คชินทร
250    พิมพ์ครั้งที่ 1
260    กรุงเทพฯ :^bสาขาวิชาโรคระบบทางเดินอาหาร ภาควิชาอายุรศาสตร์คณะแพทยศาสตร์ศิริราชพยาบาล มหาวิทยาลัยมหิดล,^c2553
300    ก-ซ, 441 หน้า :^bภาพประกอบ ;^c27 ซม.
650  7 กระเพาะอาหารและลำไส้, โรค
650  7 กระเพาะอาหารและลำไส้, วิทยา
653    ผลงานอาจารย์คณะแพทยศาสตร์ศิริราชพยาบาล
700 0  สถาพร มานัสสถิตย์,^eบรรณาธิการ
700 0  สุพจน์ พงศ์ประสบชัย,^eบรรณาธิการ
700 0  อุดม คชินทร,^eบรรณาธิการ
710 2  มหาวิทยาลัยมหิดล. ^bคณะแพทยศาสตร์. ^bภาควิชาอายุรศาสตร์.^bสาขาวิชาโรคระบบทางเดินอาหาร
945    ^p400^l0^i029559
945    ^p400^l0^i029558
945    ^p400^l0^i029557
995    เกษร
999 ^a ใช้งานได้ทุกระบบ
รายการนี้ยังไม่มีแท็ก
คุณยังไม่ได้ล็อกอิน คุณสามารถมีกิจกรรมร่วมกับเว็บไซต์ได้ แต่ต้องล็อกอินก่อน ::
  ล็อกอิน

รายการสื่อสารสนเทศ

ลำดับที่ ประเภท เลขเรียก/บาร์โค้ด สถานที่ สถานะ
1. วิทยาศาสตร์การแพทย์ และสุขภาพ
หนังสือสำรอง
สถานะ=หนังสือสำรอง
WI140 C641 2553 ฉ.1 
  Barcode: 029557
ห้องสมุดวิทยาเขตสวรรค์ประชารักษ์
►ส่วนจัดเก็บหนังสือเก่า สปร
บนชั้น
  ขอยืม
2. วิทยาศาสตร์การแพทย์ และสุขภาพ
วิทยาศาสตร์การแพทย์ และสุขภาพ
WI140 C641 2553 ฉ.2 
  Barcode: 029558
ห้องสมุดวิทยาเขตสวรรค์ประชารักษ์
►ส่วนจัดเก็บหนังสือเก่า สปร
บนชั้น
  ขอยืม
3. วิทยาศาสตร์การแพทย์ และสุขภาพ
วิทยาศาสตร์การแพทย์ และสุขภาพ
WI140 C641 2553 ฉ.3 
  Barcode: 029559
ห้องสมุดวิทยาเขตสวรรค์ประชารักษ์
►ส่วนจัดเก็บหนังสือเก่า สปร
บนชั้น
  ขอยืม

รายการใกล้เคียง
    หัวเรื่อง [กระเพาะอาหารและลำไส้, โรค]
    หัวเรื่อง [กระเพาะอาหารและลำไส้, วิทยา]

BibComment


ยังไม่เคยถูกคอมเมนท์

คอมเมนท์ทรัพยากรรายการนี้
  คอมเมนท์: Clinical practice..


 Copyright 2026. Bcnsprnw @Library